00948cam a22002891a 4500001001300000003000400013005001700017008004100034010001700075035001900092040005200111042001200163043001200175050002800187070002400215072001500239082001700254100002500271245009700296260008500393300002400478440004400502500001700546504002800563650005000591999001700641agr67000347 DLC20260227111027.0800630s1967 dcu bs f000 0 eng c aagr67000347  a(OCoLC)6471194 aU.S. Nat'l. Agr. Libr.cNPotUdNPotUdDNALdDLC apremarc an-us---00aHD1751b.A91854 no. 1210 aA281.9bAg8A no.1210 aE100aE200 a331.6/7/09731 aRapton, Avra,d1927-10aDomestic migratory farmworkers :bpersonal and economic characteristics /c[by Arra Rapton]. aWashington, D.C. :bEconomic Research Service, U.S. Dept. of Agriculture,c1967. aiv, 32 p. ;c26 cm. 0aAgricultural economic report ;vno. 121 aCover title. aBibliography: p. 31-32. 0aMigrant agricultural laborerszUnited States. c12282d12282